ASOIAF Northern House Sigils - Statistics

General Stats
  • This quiz has been taken 92 times
  • The average score is 11 of 22
Answer Stats
Picture Answer % Correct
House Stark of Winterfell
97%
House Bolton of the Dreadfort
96%
House Karstark of Karhold
96%
House Mormont of Bear Island
96%
House Reed of Greywater Watch
87%
House Manderly of White Harbor
85%
House Umber of the Last Hearth
85%
House Hornwood of Hornwood
70%
House Cerwyn of Cerwyn
64%
House Dustin of Barrowton
58%
House Ryswell of the Rills
57%
House Flint of Widow's Watch
45%
House Locke of Oldcastle
43%
House Thenn
25%
House Knott
21%
House Wull
21%
House Liddle
15%
House Norrey
12%
House Slate of Blackpool
12%
House Stout of Goldgrass
9%
House Harclay
7%
House Burley
6%
No matching quizzes found
Score Distribution
Percent of People with Each Score
Percentile by Number Answered
Your Score History
You have not taken this quiz